The global transformations reader : (Record no. 522560)

000 -LEADER
fixed length control field 01441cam a22003374a 4500
001 - CONTROL NUMBER
control field 11872698
003 - CONTROL NUMBER IDENTIFIER
control field NUST
005 - DATE AND TIME OF LATEST TRANSACTION
control field 20181105050052.0
008 - FIXED-LENGTH DATA ELEMENTS--GENERAL INFORMATION
fixed length control field 991220s2000 mau b 001 0 eng
010 ## - LIBRARY OF CONGRESS CONTROL NUMBER
LC control number 99087851
020 ## - INTERNATIONAL STANDARD BOOK NUMBER
International Standard Book Number 0745621996
020 ## - INTERNATIONAL STANDARD BOOK NUMBER
International Standard Book Number 0745622003 (pbk.)
038 ## - RECORD CONTENT LICENSOR
Staff Name Arshad
040 ## - CATALOGING SOURCE
Original cataloging agency NUST
Transcribing agency DLC
Modifying agency DLC
042 ## - AUTHENTICATION CODE
Authentication code pcc
050 00 - LIBRARY OF CONGRESS CALL NUMBER
Classification number JZ1318
Item number .G56 2000
082 00 - DEWEY DECIMAL CLASSIFICATION NUMBER
Classification number 303.482
Author Mark GLO
245 04 - TITLE STATEMENT
Title The global transformations reader :
Remainder of title an introduction to the globalization debate /
Statement of responsibility, etc. edited by David Held and Anthony McGrew.
260 ## - PUBLICATION, DISTRIBUTION, ETC.
Place of publication, distribution, etc. Malden, Mass. :
Name of publisher, distributor, etc. Polity Press,
Date of publication, distribution, etc. 2000.
300 ## - PHYSICAL DESCRIPTION
Extent xvi, 480 p. ;
Dimensions 26 cm.
504 ## - BIBLIOGRAPHY, ETC. NOTE
Bibliography, etc. note Includes bibliographical references and index.
650 #0 - SUBJECT ADDED ENTRY--TOPICAL TERM
Topical term or geographic name entry element International relations.
9 (RLIN) 521
700 1# - ADDED ENTRY--PERSONAL NAME
Personal name Held, David.
9 (RLIN) 12560
700 1# - ADDED ENTRY--PERSONAL NAME
Personal name McGrew, Anthony G.
9 (RLIN) 12561
856 42 - ELECTRONIC LOCATION AND ACCESS
Materials specified Contributor biographical information
Uniform Resource Identifier <a href="http://www.loc.gov/catdir/enhancements/fy0805/99087851-b.html">http://www.loc.gov/catdir/enhancements/fy0805/99087851-b.html</a>
856 42 - ELECTRONIC LOCATION AND ACCESS
Materials specified Publisher description
Uniform Resource Identifier <a href="http://www.loc.gov/catdir/enhancements/fy0805/99087851-d.html">http://www.loc.gov/catdir/enhancements/fy0805/99087851-d.html</a>
856 41 - ELECTRONIC LOCATION AND ACCESS
Materials specified Table of contents only
Uniform Resource Identifier <a href="http://www.loc.gov/catdir/enhancements/fy0805/99087851-t.html">http://www.loc.gov/catdir/enhancements/fy0805/99087851-t.html</a>
906 ## - LOCAL DATA ELEMENT F, LDF (RLIN)
a 7
b cbc
c orignew
d 1
e ocip
f 19
g y-gencatlg
942 ## - ADDED ENTRY ELEMENTS (KOHA)
Source of classification or shelving scheme
Koha item type Book
Holdings
Withdrawn status Lost status Source of classification or shelving scheme Damaged status Not for loan Collection code Permanent Location Current Location Shelving location Date acquired Total Checkouts Full call number Barcode Date last seen Copy number Price effective from Koha item type
            Central Library (CL) Central Library (CL) Book Cart 11/05/2018   303.482 GLO CL-D-49 11/05/2018 1 11/05/2018 Book
© 2023 Central Library, National University of Sciences and Technology. All Rights Reserved.